• 首页
  • 本馆介绍
  • 公告通知
  • 最新文献
  • 馆藏检索
  • 电子资源
  • 读者导购
  • 参考咨询
  • 我的图书馆
  • 登录
  • 详细信息显示
  • 放入我的书架
  • 预约/预借图书
  • 作者相关作品
  • 分类相关作品
  • 丛书相关作品
  • 出版社相关作品

书目信息

  • 表格格式
  • 工作单格式
  • 卡片格式
题名:
复变函数论讲义
    
 
作者: 吴卓人 , 应明 编著
分册:  
出版信息: 上海   同济大学出版社  1996.3
页数: 260页
开本: 32开
丛书名:
单 册:
中图分类: O174.5
科图分类:
主题词: 数学分析
电子资源:
ISBN: 7-5608-1462-X
000 00558nam0 2200205 45
001 0011280942
005 20031219104047.7
010    @a7-5608-1462-X@dCNY6.80
100    @a20001128d1996 km y0chiy0120 ea
101 0  @achi
105    @a z 000yy
200 1  @a复变函数论讲义@f吴卓人,应明编著@FWu Zhuo Ren,Ying Ming Bian Zhu
210    @a上海@c同济大学出版社@d1996.3
215    @a260页@d32开
606 0  @a数学分析
690    @aO174.5@v1
701  0 @a吴卓人@4编著
701  0 @a应明@4编著
801    @aCN@bTSTC@c20001128
905    @b293445-449@dO174.5@e102@f5
    
    复变函数论讲义/吴卓人,应明编著.-上海:同济大学出版社,1996.3
    260页;32开
    
    
    ISBN 7-5608-1462-X:CNY6.80
    
●
相关链接 在E读中查询图书 在五车中查询图书 在当当中查询图书 在豆瓣中查询图书


正题名:复变函数论讲义     索取号:O174.5/102         预约/预借

序号 登录号 条形码 馆藏地/架位号 状态 备注
1 0293445   002934454   第三借阅区/ [索取号:O174.5/102] 在馆    
2 0293446   002934463   第三借阅区/ [索取号:O174.5/102] 在馆    
3 0293447   002934472   第三借阅区/ [索取号:O174.5/102] 在馆    
4 0293448   002934481   第三借阅区/ [索取号:O174.5/102] 在馆    
5 0293449   002934490   第二样本阅览室/ [索取号:O174.5/102] 在馆    
唐山师范学院图书馆 欢迎您!
大连网信软件有限公司© 版权所有